| 000 | 00638nam a22001697a 4500 | ||
|---|---|---|---|
| 999 |
_c14866 _d14866 |
||
| 003 | AR-CdUCM | ||
| 008 | 190424b ||||| |||| 00| 0 spa d | ||
| 040 |
_aMUNICIPALIDAD PROVINCIAL DEL CUSCO _cBIBLIOTECA MUNICIPAL DEL CUSCO |
||
| 082 |
_aC / 340.4 / _bC29 |
||
| 100 |
_aCastro Bravo, Rodolfo _933819 |
||
| 245 | _aLa obligación alimentaria i medidas de garantía contra los actos simulados / | ||
| 260 |
_aCuzco : _bGarcilaso, _c1959. |
||
| 300 |
_a90 páginas ; _c28 cm. |
||
| 505 | _aLa obligación alimentaria -- la accion alimentaria -- garantias del ejercicio de la acción de alimentos... | ||
| 942 |
_2ddc _cTESIS |
||
| 945 | _awfj | ||